000 00632nam a2200229Ia 4500
003 OSt
005 20221007072443.0
006 a|||||r|||| 00| 0
007 ta
008 221006b |||||||| |||| 00| 0 eng d
024 _a26,121
037 _cTextual
040 _aFLL
_cFLL
_beng
041 _2eng
_aeng
082 _aZ3:88Zv:N0, J9
100 _aFifoot C.H.S.
_9152549
245 0 _aJudge and jurist in the reign of victoria
260 _aLondon
_bStevens and Sons Ltd. London
_c1959
300 _aviii,1-140p
_ccm.
942 _hZ3:88Zv:N0, J9
_cTEXL
_2CC
999 _c1146114
_d1146114